00690nam a2200229 a 450000100060000000300080000600500170001400800410003103500190007204000370009104100080012808200280013610000290016424500760019325000120026926000490028130000310033050400260036165000280038765000130041570000320042872723BD-RjUL20211209082313.0170522s1967 enka b 000 0 eng d a(BD-RjUL)72941 aCOOcCOOdUKMdEQOdBD-RjULbeng aeng04223a584.90941bTHC 19671 aThomas, John Owend1904-10aCommon British grasses and legumes /cby J. O. Thomas and L. J. Davies. a4th ed. aLondon :bLongmans,cc1964 [Impression 1967] a122 p. :billus. ;c23 cm. aBibliography: p. 114. 0aGrasseszGreat Britain. 0aLegumes.1 aDavies, Lionel Jamesd1912-